000 00266nam a2200109Ia 4500
008 231212s1984 xx 000 0 und d
041 _aeng
082 _a1.64
100 _aGrob Bernard
245 _aBasic Television & Video System
260 _aDelhi
_bWiley E
_c1984
999 _c959896
_d959896